| 000 | 01860cam a2200529 a 4500 | ||
|---|---|---|---|
| 001 | 21682 | ||
| 003 | VRT | ||
| 005 | 20260309091255.0 | ||
| 008 | 240318s2014 xo a b 000 1 slo | ||
| 015 | _aSNBA2014/10 | ||
| 020 |
_a9788089590667 _q(viaz.) |
||
| 035 | _a40E62FD6-9802-4D27-8A6D-25625D7E7C2E | ||
| 035 | _aurn:nbn:sk:snk-amkc62 | ||
| 035 | _aurn:nbn:sk:snk-am003wg0 | ||
| 039 | 9 |
_a202403181811 _bVLOAD _c201812121408 _dmtotk19 _c201706270932 _dAUTHORITY _c201611161117 _dmkpoh03 |
|
| 040 |
_aZKSE _bslo _cZKSE _dSVKBB _dSNK _eAACR2 |
||
| 041 | 1 |
_aslo _h[fre] |
|
| 044 |
_axo _cSK |
||
| 072 | 7 |
_a821-93 _xLiteratúra pre deti a mládež (beletria) _2konspekt |
|
| 080 |
_a592/599 _22001 |
||
| 080 |
_a821-34 _22001 |
||
| 080 |
_a821-93 _22001 |
||
| 080 |
_a(0:82-34) _22001 |
||
| 100 | 1 |
_aLa Fontaine, Jean de, _d1621-1695 _4aut |
|
| 245 | 1 | 0 |
_aRozprávky o zvieratkách _bsvrček a mravec a ďalšie rozprávky _c[rozprávky La Fontaina a Ezopa prepracovala Eva Pádár; preklad Monika Srnková] |
| 246 | 3 | 0 | _aSvrček a mravec a ďalšie rozprávky |
| 260 |
_aNové Zámky _bEx book _c2014 |
||
| 300 |
_a63 s. _bfareb. ilustr. _c22 cm |
||
| 650 | 0 | 7 |
_azvieratá _2SNKPH |
| 650 | 0 | 7 |
_aAnimals _2SNKPH |
| 655 | 7 |
_arozprávky _2SNKPH |
|
| 655 | 7 |
_aFairy tales _2SNKPHeng |
|
| 700 | 1 |
_aPádár, Éva _4aut |
|
| 700 | 1 |
_aEzop, _d6. stor. pred Kr. _4aut |
|
| 700 | 1 |
_aSrnková, Monika _4trl |
|
| 910 | _asezk | ||
| 910 | _asvkbb | ||
| 910 | _asnk | ||
| 910 | _apokpoh | ||
| 910 | _atotk | ||
| 942 |
_2ddc _cKLDE _n0 |
||
| 949 |
_617A1117174 _asnkSC 161168 _bsnk2014/21014 _o1930/14 _s6100:20140925 |
||
| 949 |
_617A1117175 _asnkSC 161168 D1 _bsnk2014/21015 _o1930/14 |
||
| 949 |
_62889216021 _asavukPV 19620 _bsavuk2014/3657 |
||
| 949 |
_6270001000455933 _asvkbbA 142539 _bsvkbbm 747485 |
||
| 999 |
_c21682 _d21682 |
||